000 00502nam a22001697a 4500
005 20140313101848.0
008 090121s2009 nyua 001 0 eng
020 _a9780071603102
080 _a004.92
100 1 _aJenkins, Sue,
245 1 0 _aHow to do everything/
_pAdobe Illustrator CS4,
_cSue Jenkins.
260 _aNew York :
_bMcGraw Hill,
_c2009.
300 _a312 f. :
_bme il.;
_c23 cm.
500 _aPƫrfshin indeksin f. 299-312
630 0 0 _aAdobe Illustrator (Computer file)
942 _2udc
_cBK
999 _c426
_d426